00924nam a22002657a 450000500170000001000130001702000210003003500130005103700160006404000120008008200160009210000310010824500930013926000310023227000490026330000200031250000490033265000310038165000380041270000090045070000100045994200250046999900190049495201450051320170124110202.0 aA-716324 c00.00a817479000 aA-716324 bCen Lib/Ret aDPLbEN a181.41bSHA aSharma, Gopinath N.936475 aTradition and change :cby Gopinath N.Sharmaba study of 20th century Indian thought / aDelhibKaveri Books c1994 a125, Kadambari 19/ix, Rohini bDelhie110085 a145p. c21cmHb) aIncludes bibliographical reference and index aIndian - Philosophy936476 aPsychoanalysis--Philosophy936477 99747 936457 2ddccENh181.41mSHA c133003d133003 04104070aLbLd2015-07-24eCen Lib/Retg0.00l0o181.41 SHApA-716324r2015-07-24 00:00:00t1v0.00w2015-07-24yENzW/d list no. 6807/15